| 000 | 00556nam a2200181Ia 4500 | ||
|---|---|---|---|
| 003 | OSt | ||
| 005 | 20200212094442.0 | ||
| 008 | 190216s9999||||xx |||||||||||||| ||und|| | ||
| 020 | _a9788172049652 | ||
| 040 | _coclc | ||
| 082 |
_a297 _bASH/A |
||
| 100 |
_aAshrof, V A Mohamad _91923 |
||
| 245 | 0 |
_aAnandinte Islam Vimarsam: _bVirunnukaranum Vettakkaranum / _cV A Mohamad Ashrof |
|
| 260 |
_bIslamic Publishing House, _c2003. _aKozhikode: |
||
| 300 | _a338p | ||
| 650 | _xIslamic History | ||
| 942 |
_cBK _2ddc _h297 _iASH/A _k297 _mASH/A |
||
| 999 |
_c22497 _d22497 |
||